Santos vega /

Guardado en:
Autor Principal: Ascasubi, Hilario
Formato: Libro
Publicado: Buenos Aires : Eudeba, 1960
Series:Del Siglo y Medio, 15
Materias:
Etiquetas: Agregar Etiqueta
Sin Etiquetas, Sea el primero en etiquetar este registro!
LEADER 00665nam a22002295a 4500
001 CEM.cems000723
005 20060210000000.0
008 130507s1960##################000#0#####d
003 CEMS
082 0 4 |a A861.2 
100 1 |a Ascasubi, Hilario 
245 1 0 |a Santos vega / 
260 |a Buenos Aires :  |b Eudeba,  |c 1960 
300 |a 188 p. 
490 0 |a Del Siglo y Medio, 15 
500 |a Prólogo de Jorge Luis Borges.- 
653 |a Literatura 
653 |a Literatura argentina 
653 |a Poesia gauchesca 
653 |a Poesias 
859 |a CEMS  |b BIB. CEMS - 11 de abril  |h A861.2  |i As21  |p 8560.80  |t Ej.2 
859 |a CEMS  |b BIB. CEMS - 11 de abril  |h A861.2  |i As21  |p 9112.81  |t Ej.1